| 000 | 01065nam0a2200349 4500 | ||
|---|---|---|---|
| 001 | RU\NLR\bibl\175108 | ||
| 005 | 20260409071339.0 | ||
| 010 |
_a5-8360-0211-8 _93000 |
||
| 021 |
_aRU _b2001-19500 _9915 |
||
| 035 | _a(NLR Aleph) 000171846 | ||
| 090 |
_a990525 _c990525 |
||
| 100 | _a20010724d2001 u y0rusy50 ca | ||
| 101 | 1 |
_arus _cfre |
|
| 102 | _aRU | ||
| 105 | _aa ||||||||| | ||
| 200 | 1 |
_aS/Z _fРолан Барт _gПер. с фр. Г. К. Косикова, В. П. Мурат; Общ. ред. и вступ. ст. Г. К. Косикова |
|
| 205 | _a2-е изд., испр. | ||
| 210 |
_aМ. _cУРСС _d2001 |
||
| 215 |
_a230 с. _cил. _d20 |
||
| 606 |
_aТекст (лит.) _91498835 _3RU\NLR\auth\66649441 |
||
| 610 | 0 | _aЭстетика | |
| 675 |
_a18 _v3 _zrus |
||
| 686 |
_a02.61 _2rugasnti |
||
| 686 |
_a87.8 _2rubbk |
||
| 686 | _aШ09 | ||
| 700 | 1 |
_aБарт _gРолан _4070 |
|
| 801 | 0 |
_aRU _bRKP _c20010724 _gPSBO |
|
| 801 | 1 |
_aRU _bRKP _c20010724 |
|
| 801 | 2 |
_aRU _bNLR _c20010830 _grcr |
|
| 942 | _cBOOK | ||
| 980 | _aNB | ||